Biggest Metro Areas in the USA, 101-200 - Statistics

General Stats
  • This quiz has been taken 266 times
  • The average score is 47 of 100
Answer Stats
Population City % Correct
458,930 Springfield, MO
80%
255,729 Sioux Falls, SD
79%
238,124 Fargo, ND
76%
326,921 Lincoln, NE
76%
457,667 Reno, NV
76%
441,767 Shreveport, LA
76%
506,751 Lexington, KY
75%
418,139 Salem, OR
74%
414,836 Mobile, AL
72%
475,099 Lansing, MI
70%
373,922 Montgomery, AL
70%
379,627 Tallahassee, FL
69%
318,236 Green Bay, WI
68%
233,068 Topeka, KS
68%
217,916 Charleston, WV
66%
279,227 Duluth, MN
66%
369,519 Eugene, OR
66%
314,840 Lubbock, TX
66%
263,342 Amarillo, TX
65%
407,761 Manchester, NH
65%
282,573 Wilmington, NC
65%
529,657 Portland, ME
64%
276,207 Erie, PA
63%
449,720 Huntsville, AL
63%
454,726 Corpus Christi, TX
62%
525,032 Fayetteville, AR
61%
271,193 Laredo, TX
61%
384,024 Savannah, GA
61%
402,557 Anchorage, AK
60%
408,615 Flint, MI
60%
265,207 Waco, TX
60%
255,793 Cedar Rapids, IA
59%
380,389 Fayetteville, NC
59%
544,746 Youngstown, OH
59%
382,268 Davenport, IA
57%
431,802 Fort Wayne, IN
57%
391,266 Gulfport, MS
56%
491,528 Lafayette, LA
56%
452,319 Asheville, NC
55%
422,135 Brownsville, TX
55%
376,246 Peoria, IL
55%
308,755 Columbus, GA
53%
315,948 Evansville, IN
53%
229,182 Macon, GA
53%
320,740 South Bend, IN
53%
364,709 Ann Arbor, MI
51%
313,698 Roanoke, VA
51%
485,684 Pensacola, FL
49%
446,170 Santa Maria, CA
49%
339,993 Fort Collins, CO
47%
280,708 Gainesville, FL
47%
541,560 Modesto, CA
47%
538,500 Lancaster, PA
46%
371,023 Trenton, NJ
45%
414,812 Reading, PA
44%
401,281 Canton, OH
43%
336,877 Kalamazoo, MI
43%
339,376 Rockford, IL
43%
241,378 Tuscaloosa, AL
42%
449,295 Myrtle Beach, SC
41%
275,222 Olympia, WA
41%
409,968 Beaumont, TX
40%
322,226 Boulder, CO
40%
435,232 Salinas, CA
40%
281,227 Fort Smith, AR
39%
503,070 Santa Rosa, CA
39%
293,803 Utica, NY
39%
234,079 Appleton, WI
38%
254,928 College Station, TX
38%
225,290 Tyler, TX
38%
249,636 Yakima, WA
38%
270,991 Atlantic City, NJ
37%
238,554 Champaign, IL
37%
443,744 York, PA
37%
282,349 Clarksville, TN
36%
231,349 Charlottesville, VA
35%
359,588 Huntington, WV
33%
460,437 Visalia, CA
32%
260,232 Lynchburg, VA
29%
244,094 Binghamton, NY
28%
435,857 Killeen, TX
28%
306,334 Kingsport, TN
28%
465,208 Port St. Lucie, FL
27%
226,864 Chico, CA
26%
283,846 Kennewick, WA
26%
349,020 Ocala, FL
26%
282,887 San Luis Obispo, CA
26%
329,136 Spartanburg, SC
25%
268,672 Merced, CA
24%
274,673 Santa Cruz, CA
24%
225,562 Prescott, AZ
19%
365,136 Naples, FL
18%
269,801 Norwich, CT
18%
440,207 Vallejo, CA
18%
400,200 Salisbury, MD
17%
294,932 Greeley, CO
14%
263,817 Hagerstown, MD
14%
364,187 Hickory, NC
14%
267,059 Crestview, FL
12%
264,811 Bremerton, WA
9%
No matching quizzes found
Score Distribution
Percent of People with Each Score
Percentile by Number Answered
Your Score History
You have not taken this quiz